000
00481nam a2200145Ia 4500
008
090124s9999 xx 000 0 und d
082
_b
400413
245
_a
नेताजी सुभाषचंद्र बोस
250
_a
1
260
_b
वाळिंबे मो.मा.
_c
1978
300
_a
20
630
_a
नेताजी सुभाषचंद्र बोस
730
_a
नेताजी सुभाषचंद्र बोस
942
_c
BOOK
999
_c
196334
_d
196334